[Event "Finkenstein Open"]
[Site "?"]
[Date "2000.08.16"]
[Round "6.16"]
[White "Peierl, Walter"]
[Black "Scholvin, Erich"]
[Result "0-1"]
[WhiteElo "1801"]
[BlackElo "2039"]
[PlyCount "90"]
[EventDate "2000.??.??"]

1. e4 c5 2. d4 cxd4 3. c3 d5 4. e5 Nc6 5. cxd4 Bf5 6. Nc3 e6 7. a3 f6 8. Nf3 a6
9. Be2 fxe5 10. Nxe5 Nxe5 11. dxe5 Bc5 12. O-O Ne7 13. Bg5 O-O 14. b4 Ba7 15.
Rc1 Qd7 16. Bxe7 Qxe7 17. Bd3 Qh4 18. Rc2 Bg4 19. Qe1 Qg5 20. Qc1 Qxe5 21. Na4
Rae8 22. Nc5 Bb8 23. g3 Rf7 24. Re1 Qh5 25. Bf1 e5 26. Bg2 Bf3 27. Re3 Bxg2 28.
Kxg2 e4 29. Qd2 Ref8 30. Qd4 Ba7 31. Qb2 Qf5 32. Rce2 Rc8 33. Qd4 h6 34. Rd2
Rcf8 35. Qb2 Qg5 36. Qd4 Rf5 37. Qc3 Qe7 38. Qd4 Qf7 39. Qc3 Rxf2+ 40. Rxf2
Qxf2+ 41. Kh3 Qf1+ 42. Kh4 g5+ 43. Kg4 Qf5+ 44. Kh5 g4+ 45. Kxh6 Rf6+ 0-1

[Event "Finkenstein Open"]
[Site "?"]
[Date "2000.08.16"]
[Round "6.17"]
[White "Regatschnig, Horst"]
[Black "Juritsch, Harald"]
[Result "1/2-1/2"]
[WhiteElo "1800"]
[BlackElo "2036"]
[PlyCount "31"]
[EventDate "2000.??.??"]

1. d4 d6 2. g3 g6 3. Bg2 Bg7 4. Nf3 Nf6 5. O-O O-O 6. c4 c6 7. Nc3 Nbd7 8. e4
Qc7 9. h3 Rd8 10. Be3 Nb6 11. Qe2 h6 12. Rac1 e6 13. Rfd1 Bd7 14. b3 a6 15. c5
Nc8 16. cxd6 1/2-1/2

[Event "Finkenstein Open"]
[Site "?"]
[Date "2000.08.16"]
[Round "6.18"]
[White "Kreisl, Robert"]
[Black "Boskovic, Martin"]
[Result "1/2-1/2"]
[WhiteElo "1745"]
[BlackElo "1968"]
[PlyCount "60"]
[EventDate "2000.??.??"]

1. e4 e5 2. Bc4 Nf6 3. d4 exd4 4. Nf3 Nc6 5. O-O d6 6. Nxd4 Be7 7. Nc3 O-O 8.
Re1 Bg4 9. f3 Bd7 10. Nxc6 Bxc6 11. Nd5 Re8 12. Nxe7+ Rxe7 13. Bg5 Re5 14. Bf4
Re8 15. Qd4 Nh5 16. Bd2 b5 17. Bf1 h6 18. c4 a6 19. b3 Qd7 20. Rac1 Re6 21.
cxb5 Bxb5 22. Qd5 Bxf1 23. Rxf1 Rae8 24. Qxh5 Re5 25. Qh4 Qb5 26. Qf2 d5 27.
Bc3 Rg5 28. exd5 Re2 29. Qh4 Rgxg2+ 30. Kh1 Qxd5 1/2-1/2

[Event "Finkenstein Open"]
[Site "?"]
[Date "2000.08.16"]
[Round "6.19"]
[White "Hodac, Herbert"]
[Black "Gaab, Wolfgang"]
[Result "1/2-1/2"]
[WhiteElo "1927"]
[BlackElo "1849"]
[PlyCount "47"]
[EventDate "2000.??.??"]

1. e4 c6 2. Nc3 d6 3. d4 Nf6 4. Nf3 Bg4 5. Be2 e6 6. Be3 Be7 7. Qd2 d5 8. e5
Ne4 9. Nxe4 dxe4 10. Ng1 Bxe2 11. Nxe2 Nd7 12. O-O O-O 13. c3 c5 14. Qc2 f5 15.
exf6 Nxf6 16. dxc5 Qc7 17. Nd4 Ng4 18. g3 Nxe3 19. fxe3 Qe5 20. Qb3 Bxc5 21.
Nxe6 Bxe3+ 22. Kg2 Rxf1 23. Rxf1 Kh8 24. Qxb7 {Rest unleserlich} 1/2-1/2

[Event "Finkenstein Open"]
[Site "?"]
[Date "2000.08.16"]
[Round "6.20"]
[White "Eckhoff, Karlheinz"]
[Black "Kainz, Josef"]
[Result "0-1"]
[WhiteElo "1925"]
[BlackElo "1705"]
[PlyCount "110"]
[EventDate "2000.??.??"]

1. b3 Nf6 2. Bb2 d5 3. Nf3 c5 4. g3 Nc6 5. Bg2 e6 6. c3 b5 7. Na3 Rb8 8. Nc2
Bd6 9. d3 O-O 10. Nd2 Bb7 11. e3 Qe7 12. a4 Ne5 13. Qe2 c4 14. dxc4 dxc4 15.
O-O Bxg2 16. Kxg2 Nd3 17. Ba3 Bxa3 18. Nxa3 Qb7+ 19. f3 Nc5 20. bxc4 bxa4 21.
Nb5 a6 22. Nd4 Qd7 23. g4 e5 24. Nf5 Rb2 25. Rad1 Nb3 26. Rf2 Rd8 27. c5 Nxc5
28. Qc4 Qb5 29. Kh3 h6 30. Ne7+ Kh7 31. Qxf7 Qe8 32. Qxe8 Rxe8 33. Nc6 a3 34.
Rff1 Nd5 35. Nc4 Rc2 36. Rxd5 Nb3 37. Nxa3 Rxc3 38. Nxe5 a5 39. Nac4 a4 40. Rd7
Ra8 41. Rfd1 a3 42. Nb6 Ra6 43. Nd5 Rc1 44. Rxc1 Nxc1 45. Nf4 a2 46. Nh5 Kg8
47. Rxg7+ Kf8 48. Rf7+ Ke8 49. Ng7+ Kd8 50. Rd7+ Kc8 51. Ne8 a1=Q 52. f4 Ne2
53. Rh7 Qf1+ 54. Kh4 Qf2+ 55. Kh5 Qxh2# 0-1

[Event "Finkenstein Open"]
[Site "?"]
[Date "2000.08.16"]
[Round "6.51"]
[White "Juritsch, Stefan"]
[Black "Lepuschitz, Christine"]
[Result "0-1"]
[WhiteElo "1453"]
[BlackElo "1252"]
[PlyCount "44"]
[EventDate "2000.??.??"]

1. e4 e5 2. Nf3 Nc6 3. Bc4 Bc5 4. Nc3 d6 5. O-O Nf6 6. Ng5 O-O 7. a3 h6 8. b4
Bd4 9. Nf3 Bxc3 10. dxc3 Nxe4 11. Qd3 Nf6 12. b5 Na5 13. Ba2 a6 14. c4 e4 15.
Qc3 exf3 16. Qxa5 b6 17. Qc3 fxg2 18. Kxg2 Bb7+ 19. Kg1 Ne4 20. Qh3 Qf6 21. Rb1
Nc3 22. Bb2 Ne2# 0-1

[Event "Finkenstein Open"]
[Site "?"]
[Date "2000.08.17"]
[Round "7.1"]
[White "Kiss, Attila"]
[Black "Fercec, Nenad"]
[Result "1/2-1/2"]
[WhiteElo "2338"]
[BlackElo "2458"]
[PlyCount "40"]
[EventDate "2000.??.??"]

1. d4 Nf6 2. Nf3 g6 3. c4 Bg7 4. g3 O-O 5. Bg2 d6 6. O-O Nbd7 7. Nc3 e5 8. h3
c6 9. e4 exd4 10. Nxd4 Re8 11. b3 Nc5 12. Re1 a5 13. Bf4 Nh5 14. Be3 Bd7 15.
Qe2 Qc7 16. Rad1 Rad8 17. Bg5 Ra8 18. Be3 Rad8 19. Bg5 Ra8 20. Be3 Rad8 1/2-1/2

[Event "Finkenstein Open"]
[Site "?"]
[Date "2000.08.17"]
[Round "7.2"]
[White "Jeric, Simon"]
[Black "Fucak, Emilijo"]
[Result "0-1"]
[WhiteElo "2333"]
[BlackElo "2334"]
[PlyCount "90"]
[EventDate "2000.??.??"]

1. c4 e6 2. Nc3 d5 3. d4 Nf6 4. Nf3 Be7 5. g3 b6 6. Bg2 Bb7 7. Ne5 O-O 8. O-O
a6 9. b3 Ra7 10. Bb2 dxc4 11. bxc4 Bxg2 12. Kxg2 c5 13. e3 cxd4 14. exd4 b5 15.
c5 Nfd7 16. Nf3 Nc6 17. Ne4 Nf6 18. Qe2 Qd5 19. Rfe1 Nxe4 20. Qxe4 Rd8 21. a4
Qxe4 22. Rxe4 b4 23. Rc1 Bf6 24. Kf1 Rb7 25. Ke2 b3 26. Bc3 b2 27. Rb1 Rb3 28.
Kd2 Ra3 29. Rxb2 e5 30. Rb6 exd4 31. Bxd4 Bxd4 32. Nxd4 f5 33. Re8+ Rxe8 34.
Rxc6 Rd8 35. Rd6 Rxd6 36. cxd6 Kf7 37. Nxf5 Ke6 38. Nxg7+ Kxd6 39. h4 a5 40. g4
Rxa4 41. f3 Rf4 42. Ke3 Rf7 43. Nh5 a4 44. Ng3 Kc5 45. Ne4+ Kb4 0-1

[Event "Finkenstein Open"]
[Site "?"]
[Date "2000.08.17"]
[Round "7.3"]
[White "Horvath, Peter"]
[Black "Sebenik, Matej"]
[Result "1/2-1/2"]
[WhiteElo "2434"]
[BlackElo "2287"]
[PlyCount "96"]
[EventDate "2000.??.??"]

1. d4 Nf6 2. Nf3 g6 3. c4 Bg7 4. g3 O-O 5. Bg2 d6 6. Nc3 c6 7. O-O Qa5 8. h3
Be6 9. Qd3 Qa6 10. b3 d5 11. Ne5 dxc4 12. Nxc4 Rd8 13. Bb2 Bxc4 14. bxc4 Nbd7
15. Ne4 Nxe4 16. Qxe4 Nb6 17. e3 Nxc4 18. Bc3 e6 19. Rfb1 Nd6 20. Qc2 Rac8 21.
Bf1 b5 22. a4 Qb7 23. Ba5 Rd7 24. Bb4 a6 25. Bc5 e5 26. axb5 cxb5 27. Bg2 Qc7
28. Qa2 exd4 29. Bxd4 Bxd4 30. exd4 Nf5 31. d5 Rd6 32. Kh2 Rb6 33. Rc1 Qxc1 34.
Rxc1 Rxc1 35. g4 Nd6 36. Qe2 Rc7 37. h4 h6 38. Qe3 Nc4 39. Qxh6 b4 40. h5 b3
41. Qf4 Rd6 42. Be4 a5 43. h6 a4 44. Bd3 b2 45. Bxc4 b1=Q 46. Qxd6 Qb8 47. Kg2
Qc8 48. Be2 Rd7 1/2-1/2

[Event "Finkenstein Open"]
[Site "?"]
[Date "2000.08.17"]
[Round "7.4"]
[White "Keller, Manfred"]
[Black "Wagner, Stephan"]
[Result "0-1"]
[WhiteElo "2200"]
[BlackElo "2044"]
[PlyCount "62"]
[EventDate "2000.??.??"]

1. d4 f5 2. Nc3 d5 3. e4 dxe4 4. Bf4 Nf6 5. Bc4 e6 6. Qd2 Nd5 7. Bg5 Qd7 8. f3
h6 9. Be3 Nc6 10. Nge2 exf3 11. gxf3 Be7 12. Bxd5 exd5 13. Nf4 Bh4+ 14. Bf2
Bxf2+ 15. Kxf2 Ne7 16. Rae1 O-O 17. Rhg1 Rf7 18. Re6 Kh7 19. Re5 c6 20. Ne6 Qd6
21. Qe3 Ng6 22. Rxg6 Kxg6 23. Nf4+ Kh7 24. h4 Bd7 25. h5 Rff8 26. Ng6 Rfe8 27.
Ne7 Qf6 28. Ne2 Qh4+ 29. Kf1 Qxh5 30. f4 Rf8 31. Ng3 Qd1+ 0-1

[Event "Finkenstein Open"]
[Site "?"]
[Date "2000.08.17"]
[Round "7.5"]
[White "Piber, Vinko"]
[Black "Hummel, Markus"]
[Result "0-1"]
[WhiteElo "2024"]
[BlackElo "2174"]
[PlyCount "48"]
[EventDate "2000.??.??"]

1. e4 c5 2. c3 d5 3. exd5 Qxd5 4. d4 Nc6 5. Nf3 Bg4 6. Be2 cxd4 7. cxd4 e6 8.
Nc3 Qa5 9. O-O Nf6 10. h3 Bh5 11. g4 Bg6 12. a3 Be7 13. Be3 O-O 14. b4 Qd8 15.
Rc1 Rc8 16. Na4 Nd5 17. Nc5 b6 18. Nb3 a5 19. b5 Nb8 20. Rxc8 Qxc8 21. Qa1 Nc3
22. Nc1 Nxe2+ 23. Nxe2 Bd3 24. Rc1 Qb7 0-1

[Event "Finkenstein Open"]
[Site "?"]
[Date "2000.08.17"]
[Round "7.6"]
[White "Brauer, Christian"]
[Black "Schippel, Gert"]
[Result "1-0"]
[WhiteElo "2160"]
[BlackElo "2016"]
[PlyCount "61"]
[EventDate "2000.??.??"]

1. d4 Nf6 2. Nc3 d5 3. Bg5 Nbd7 4. f3 e6 5. e4 Be7 6. e5 Ng8 7. Be3 a6 8. f4 c5
9. Nf3 Nh6 10. Qd2 b5 11. dxc5 Nxc5 12. Bd3 Nxd3+ 13. cxd3 Bd7 14. O-O O-O 15.
h3 Nf5 16. Bf2 Bb4 17. g4 Ne7 18. Nd4 Rc8 19. Kh1 Qc7 20. Rac1 Qa5 21. Bh4 Ng6
22. Bg3 Qxa2 23. f5 Ne7 24. Bh4 Bxc3 25. Rxc3 Rxc3 26. Bxe7 Rfc8 27. f6 Rxd3
28. Qg5 Rxh3+ 29. Kg2 Qxb2+ 30. Kxh3 Rc3+ 31. Rf3 1-0

[Event "Finkenstein Open"]
[Site "?"]
[Date "2000.08.17"]
[Round "7.7"]
[White "Basagic, Zlatko"]
[Black "Lenic, Luka"]
[Result "1/2-1/2"]
[WhiteElo "2383"]
[BlackElo "2061"]
[PlyCount "20"]
[EventDate "2000.??.??"]

1. d4 Nf6 2. g3 g6 3. Bg2 Bg7 4. e4 d6 5. Nc3 e5 6. Nge2 Nbd7 7. O-O O-O 8. h3
Re8 9. Re1 Nf8 10. Be3 Qe7 1/2-1/2

[Event "Finkenstein Open"]
[Site "?"]
[Date "2000.08.17"]
[Round "7.8"]
[White "Kainz, Josef"]
[Black "Neulinger, Manfred"]
[Result "0-1"]
[WhiteElo "1925"]
[BlackElo "2286"]
[PlyCount "82"]
[EventDate "2000.??.??"]

1. d4 f5 2. Bg5 g6 3. Nc3 Bg7 4. e4 fxe4 5. Bc4 Nf6 6. Qe2 c6 7. Bxf6 exf6 8.
Qxe4+ Qe7 9. d5 f5 10. Qxe7+ Kxe7 11. Nge2 b5 12. Bb3 b4 13. Na4 c5 14. d6+
Kxd6 15. O-O-O+ Kc7 16. Nxc5 Na6 17. Bd5 Rb8 18. Nb3 Rb6 19. Rhe1 Re8 20. Ned4
Rxe1 21. Rxe1 Nc5 22. f4 Nxb3+ 23. Nxb3 Rd6 24. Bf3 Bh6 25. g3 Re6 26. Rxe6
dxe6 27. h4 e5 28. Na5 exf4 29. gxf4 Bxf4+ 30. Kd1 Bd7 31. c3 bxc3 32. bxc3 Bg3
33. h5 g5 34. h6 g4 35. Bd5 Bf4 36. Bg8 Bxh6 37. Bxh7 g3 38. Ke2 Bd2 39. Nc4
Bb5 40. Kxd2 g2 41. Na3 Bd7 0-1

[Event "Finkenstein Open"]
[Site "?"]
[Date "2000.08.17"]
[Round "7.9"]
[White "Kock, Hans-uwe"]
[Black "Smajkic, Serif"]
[Result "1-0"]
[WhiteElo "2167"]
[BlackElo "1878"]
[PlyCount "85"]
[EventDate "2000.??.??"]

1. d4 Nf6 2. c4 g6 3. Nc3 d6 4. e4 Bg7 5. h3 O-O 6. Be3 Nc6 7. Nf3 e5 8. d5 Ne7
9. g4 Kh8 10. Bd3 Nfg8 11. Nd2 f5 12. f3 Bd7 13. Qe2 Nc8 14. O-O-O f4 15. Bf2
a6 16. c5 dxc5 17. Bxc5 Nd6 18. Nc4 Nxc4 19. Bxf8 Qxf8 20. Bxc4 b5 21. Bb3 Qc5
22. Kb1 b4 23. Na4 Qa5 24. Qc2 Bf8 25. Rc1 Bd6 26. Nc5 Bc8 27. g5 Qb6 28. h4 h5
29. gxh6 Nf6 30. Rhg1 Kh7 31. Na4 Qb5 32. Qg2 Qe8 33. Nc5 Nh5 34. Qg5 a5 35.
Ne6 Bxe6 36. dxe6 a4 37. Bd5 Rb8 38. Rc6 a3 39. b3 Rb6 40. Rc2 c5 41. Rcg2 Be7
42. Qxe5 Qb5 43. Bc4 1-0

[Event "Finkenstein Open"]
[Site "?"]
[Date "2000.08.17"]
[Round "7.10"]
[White "Hicker, Harald"]
[Black "Orsario, Wolfgang"]
[Result "1-0"]
[WhiteElo "2145"]
[BlackElo "1818"]
[PlyCount "70"]
[EventDate "2000.??.??"]

1. Nf3 d5 2. d4 Nf6 3. c4 dxc4 4. Nc3 e6 5. Bg5 Be7 6. e3 O-O 7. Bxc4 c5 8. O-O
Nc6 9. Qc2 a6 10. dxc5 Bxc5 11. Rfd1 Qe7 12. Ne4 Kh8 13. a3 h6 14. Bxf6 gxf6
15. b4 Bb6 16. Qb2 e5 17. Nd6 Be6 18. b5 Na5 19. bxa6 Nxc4 20. Nxc4 Bxc4 21.
Qxb6 Bxa6 22. Nh4 Qe6 23. Qxe6 fxe6 24. Ng6+ Kg7 25. Nxf8 Rxf8 26. Rd7+ Kg6 27.
Rc1 e4 28. Rcc7 Rh8 29. Rg7+ Kh5 30. h3 Rd8 31. Rcf7 f5 32. Rf6 Rh8 33. Rxe6
Bc4 34. Rf6 b5 35. Rxf5+ Kh4 1-0

[Event "Finkenstein Open"]
[Site "?"]
[Date "2000.08.17"]
[Round "7.11"]
[White "Scholvin, Erich"]
[Black "Siegmund, Rainer"]
[Result "1/2-1/2"]
[WhiteElo "2039"]
[BlackElo "2143"]
[PlyCount "155"]
[EventDate "2000.??.??"]

1. d4 Nf6 2. Nf3 e6 3. e3 c5 4. Bd3 d5 5. b3 Be7 6. O-O Nbd7 7. Bb2 O-O 8. Nbd2
cxd4 9. exd4 b6 10. Qe2 Bb7 11. Ne5 Nxe5 12. dxe5 Nd7 13. Qh5 g6 14. Qg4 Nc5
15. Be2 f5 16. exf6 Bxf6 17. Bxf6 Qxf6 18. b4 Nd7 19. Nf3 Rf7 20. Ng5 Re7 21.
h4 Rf8 22. Rab1 Ne5 23. Qh3 Rc8 24. f4 Nc4 25. Bg4 Nd2 26. Bxe6+ Rxe6 27. Qxe6+
Qxe6 28. Nxe6 Nxb1 29. Rxb1 Rxc2 30. a4 d4 31. Nxd4 Rxg2+ 32. Kf1 Rg4 33. Ne2
Bf3 34. h5 Bxe2+ 35. Kxe2 Rxf4 36. hxg6 hxg6 37. Rc1 Kg7 38. Rc7+ Rf7 39. Rc4
Kh6 40. Rh4+ Kg5 41. Rd4 Kh5 42. Rd5+ g5 43. a5 bxa5 44. Rxa5 Kg4 45. b5 Kh4
46. Ra6 g4 47. b6 axb6 48. Rxb6 Kh3 49. Rh6+ Kg2 50. Rh8 Re7+ 51. Kd2 g3 52.
Rh6 Re4 53. Rh8 Rf4 54. Ke2 Rf1 55. Rh7 Rh1 56. Rg7 Rh8 57. Rg6 Kh2 58. Kf1 Rh4
59. Rg8 Rf4+ 60. Ke2 g2 61. Rh8+ Kg1 62. Rh7 Rf6 63. Rh8 Re6+ 64. Kd2 Re4 65.
Kd3 Rf4 66. Ke2 Re4+ 67. Kd3 Re7 68. Kd2 Rf7 69. Ke2 Rf2+ 70. Ke1 Rf4 71. Ke2
Re4+ 72. Kd3 Rf4 73. Ke2 Rf2+ 74. Ke1 Ra2 75. Rh7 Ra5 76. Rh8 Re5+ 77. Kd2 Re4
78. Kd3 1/2-1/2

[Event "Finkenstein Open"]
[Site "?"]
[Date "2000.08.17"]
[Round "7.12"]
[White "Hutz, Gerhard"]
[Black "Giessmann, Andreas"]
[Result "1-0"]
[WhiteElo "1890"]
[BlackElo "2122"]
[PlyCount "178"]
[EventDate "2000.??.??"]

1. e4 e6 2. d4 a6 3. Nf3 b5 4. Bd3 c5 5. c3 Bb7 6. O-O cxd4 7. cxd4 Nf6 8. Re1
Be7 9. Nbd2 d6 10. Nf1 Nbd7 11. Ng3 h6 12. b4 Nb6 13. Qb3 d5 14. e5 Nfd7 15.
Bd2 Nc4 16. Rac1 Ndb6 17. Nh5 g6 18. Ng3 Nxd2 19. Nxd2 Nc4 20. Qc3 Bg5 21. Nxc4
bxc4 22. Bc2 Bxc1 23. Ba4+ Kf8 24. Rxc1 Qb6 25. Bc2 Ke8 26. h4 h5 27. Ne2 Bc6
28. Qf3 Rf8 29. Qf6 Qd8 30. Qf4 a5 31. a3 axb4 32. axb4 Rb8 33. Rb1 Qe7 34. Qd2
Rb6 35. b5 Rxb5 36. Rxb5 Bxb5 37. Qa5 Qb7 38. Nc3 Bd7 39. Na4 f5 40. Nc5 Qb8
41. Ba4 Rf7 42. Nxd7 Rxd7 43. Qa6 Ke7 44. Bxd7 Kxd7 45. Qa4+ Kc7 46. Qa3 Qb6
47. Qe7+ Kb8 48. Qe8+ Ka7 49. Qa4+ Qa6 50. Qd7+ Qb7 51. Qa4+ Kb8 52. Qe8+ Qc8
53. Qb5+ Kc7 54. Qa5+ Kd7 55. Qa4+ Qc6 56. Qa7+ Qc7 57. Qa4+ Ke7 58. Qa3+ Kf7
59. Qc3 Qb6 60. Qa1 Kg7 61. Kh2 Qc7 62. Qc3 f4 63. Qh3 c3 64. Qxe6 c2 65. Qf6+
Kh7 66. e6 f3+ 67. g3 Qg7 68. Qf4 Qe7 69. Qe3 Kg7 70. Kg1 Kg8 71. Qc3 c1=Q+ 72.
Qxc1 Qxe6 73. Qe3 Kf7 74. Qxf3+ Kg8 75. Kg2 Kh7 76. Qf4 Kg8 77. Qe5 Qc6 78. Qe7
Qc4 79. Qf6 Kh7 80. Qf7+ Kh6 81. Qf8+ Kh7 82. Qc5 Qb3 83. Qe7+ Kh6 84. Qe3+
Qxe3 85. fxe3 g5 86. Kf3 Kg6 87. e4 gxh4 88. gxh4 dxe4+ 89. Kxe4 Kf6 1-0

[Event "Finkenstein Open"]
[Site "?"]
[Date "2000.08.17"]
[Round "7.13"]
[White "Bumberger, Emmerich"]
[Black "Bruns, Michael"]
[Result "0-1"]
[WhiteElo "1878"]
[BlackElo "2107"]
[PlyCount "100"]
[EventDate "2000.??.??"]

1. d4 Nf6 2. f3 d5 3. e4 dxe4 4. Nc3 Nc6 5. d5 Ne5 6. fxe4 e6 7. Bg5 Be7 8.
Bb5+ Bd7 9. dxe6 fxe6 10. Bxf6 Bxf6 11. Qh5+ g6 12. Qh3 Qe7 13. O-O-O O-O-O 14.
Bxd7+ Rxd7 15. Rxd7 Qxd7 16. Nge2 Rd8 17. a3 Nc4 18. Rd1 Bg5+ 19. Kb1 Bd2 20.
Nf4 Ne3 21. Rh1 Re8 22. Nd1 Nxc2 23. Nxg6 Nxa3+ 24. Qxa3 hxg6 25. Qxa7 Qd3+ 26.
Ka1 Qxe4 27. Rf1 b6 28. Rf7 Qc6 29. Nf2 Bb4 30. Ne4 Be7 31. Nf6 Bxf6 32. Rxf6
Rd8 33. Qa6+ Kb8 34. Rf2 Rd1+ 35. Ka2 Qd5+ 36. b3 Rd2+ 37. Rxd2 Qxd2+ 38. Ka3
Qxg2 39. Qb5 Qxh2 40. Qe8+ Kb7 41. Qxg6 Qd6+ 42. b4 Qd5 43. Qf7 Qd3+ 44. Kb2
Qd2+ 45. Kb3 e5 46. Qe8 Qd5+ 47. Kb2 b5 48. Qe7 Qd6 49. Qh4 Qd4+ 50. Qxd4 exd4
0-1

[Event "Finkenstein Open"]
[Site "?"]
[Date "2000.08.17"]
[Round "7.14"]
[White "Androsch, Guenther"]
[Black "Vitouch, Anatol"]
[Result "1/2-1/2"]
[WhiteElo "1887"]
[BlackElo "2084"]
[PlyCount "52"]
[EventDate "2000.??.??"]

1. e4 c6 2. d4 d5 3. exd5 cxd5 4. Bf4 Nc6 5. c3 Nf6 6. Nf3 Bg4 7. Be2 e6 8.
Nbd2 Bd6 9. Bxd6 Qxd6 10. h3 Bh5 11. O-O O-O 12. Re1 Rfc8 13. Ne5 Nxe5 14. dxe5
Qxe5 15. Bxh5 Qxh5 16. Nf3 Ne4 17. Qc1 f6 18. Qe3 e5 19. Rac1 Nd6 20. Qd2 Qf7
21. Rcd1 Nc4 22. Qxd5 Qxd5 23. Rxd5 Nxb2 24. Rb1 Na4 25. Rxb7 Nb6 26. Ra5 Rcb8
1/2-1/2

[Event "Finkenstein Open"]
[Site "?"]
[Date "2000.08.17"]
[Round "7.15"]
[White "Kuttnig, Roland"]
[Black "Kummer, Heinz"]
[Result "1/2-1/2"]
[WhiteElo "2072"]
[BlackElo "1878"]
[Annotator "Kummer Heinz"]
[PlyCount "85"]
[EventDate "2000.??.??"]

1. e4 c5 2. Nf3 d6 3. c3 Nf6 4. Be2 Nxe4 5. Qa4+ Bd7 6. Qxe4 e6 7. Qxb7 Nc6 8.
Qb3 Be7 9. O-O O-O 10. d3 e5 11. Be3 Kh8 12. d4 cxd4 13. cxd4 Rb8 14. Qc3 e4
15. Nfd2 d5 16. Nb3 Bd6 17. g3 f5 18. Qd2 f4 19. Bxf4 Bxf4 20. gxf4 Qh4 21. Qe3
Rf6 22. Kh1 Nb4 23. Na3 Rxf4 24. Qg3 Qf6 25. Rac1 Nd3 26. Bxd3 exd3 27. Nc5 Bf5
28. Rcd1 Rf8 29. f3 Rxd4 30. Nb5 Rb4 31. Nc3 Rxb2 32. Nxd3 Bxd3 33. Rxd3 Qa6
34. Rg1 Qh6 35. Rxd5 Rb6 36. Rg5 Rf7 37. Nd5 Rb2 38. Ne3 (38. Qe5 Qxh2+ 39.
Qxh2 Rxh2+ 40. Kxh2 {(+- 7.38)}) 38... Rxf3 39. Nf5 Rxg3 40. Nxh6 Rxg1+ 41.
Kxg1 gxh6 42. Ra5 Rb7 43. Kg2 1/2-1/2

[Event "Finkenstein Open"]
[Site "?"]
[Date "2000.08.17"]
[Round "7.16"]
[White "Grom, Waldemar"]
[Black "Schlanitz, Egon"]
[Result "1-0"]
[WhiteElo "1875"]
[BlackElo "2042"]
[PlyCount "39"]
[EventDate "2000.??.??"]

1. c4 g6 2. Nc3 Bg7 3. d4 Nf6 4. e4 d6 5. Nf3 O-O 6. Be2 e5 7. O-O Nc6 8. d5
Ne7 9. Rb1 a5 10. Bd2 h6 11. a3 Nd7 12. b4 axb4 13. axb4 f5 14. Qc1 Kh7 15. Ne1
Nf6 16. f3 c6 17. Be3 fxe4 18. fxe4 cxd5 19. cxd5 Bg4 20. Rxf6 1-0

[Event "Finkenstein Open"]
[Site "?"]
[Date "2000.08.17"]
[Round "7.17"]
[White "Juritsch, Harald"]
[Black "Wochein, Marco"]
[Result "1-0"]
[WhiteElo "2036"]
[BlackElo "1827"]
[PlyCount "99"]
[EventDate "2000.??.??"]

1. c4 Nf6 2. g3 g6 3. Bg2 Bg7 4. Nc3 O-O 5. e3 c6 6. Nge2 d6 7. O-O Na6 8. d4
c5 9. b3 Rb8 10. Bb2 Bd7 11. Rb1 cxd4 12. Nxd4 Qa5 13. Qe2 Nc7 14. Rfd1 a6 15.
Rbc1 Rfd8 16. a3 Qh5 17. Qxh5 Nxh5 18. Rd2 Ne6 19. Nd5 Nxd4 20. Bxd4 Bxd4 21.
Rxd4 Kf8 22. g4 Ng7 23. Rcd1 Ne6 24. R4d2 b6 25. h3 h6 26. f4 f6 27. e4 Bc6 28.
f5 gxf5 29. exf5 Bxd5 30. cxd5 Nc5 31. b4 Nd7 32. Rc2 Ne5 33. Be4 Kf7 34. Rdc1
Ke8 35. Rc7 Rd7 36. Kg2 Rbd8 37. Kg3 b5 38. Kh4 Rxc7 39. Rxc7 Rd7 40. Rxd7 Kxd7
41. Kh5 Nf7 42. Bc2 Ke8 43. Kg6 Kf8 44. a4 Kg8 45. axb5 axb5 46. Be4 Kf8 47.
Bg2 Kg8 48. Bf1 Ne5+ 49. Kxh6 Nc4 50. Kg6 1-0

[Event "Finkenstein Open"]
[Site "?"]
[Date "2000.08.17"]
[Round "7.18"]
[White "Boskovic, Martin"]
[Black "Regatschnig, Horst"]
[Result "1-0"]
[WhiteElo "1986"]
[BlackElo "1800"]
[PlyCount "123"]
[EventDate "2000.??.??"]

1. d4 d5 2. c4 e6 3. cxd5 exd5 4. Nc3 c6 5. Qc2 f5 6. Nf3 Nf6 7. Bg5 Be7 8. e3
Ne4 9. Bxe7 Qxe7 10. Nxd5 Qd8 11. Nc3 Qa5 12. Bd3 Nxc3 13. bxc3 g6 14. Qb3 Qb6
15. Qa3 Qc7 16. Bc4 Qe7 17. Qxe7+ Kxe7 18. Rb1 Nd7 19. Kd2 Nf6 20. Bd3 b6 21.
Ne5 Bb7 22. f3 Rab8 23. e4 fxe4 24. fxe4 Rhf8 25. Rhf1 Rbd8 26. Rf3 Nd7 27.
Nxd7 Kxd7 28. Rbf1 Ke7 29. Ke3 g5 30. Rg3 Rxf1 31. Bxf1 Rg8 32. Rh3 Rg7 33. Bd3
Bc8 34. Rh6 Be6 35. a3 Kd7 36. e5 Bg8 37. g3 Re7 38. Be4 c5 39. Bf5+ Kc7 40.
Ke4 Ba2 41. g4 cxd4 42. Kxd4 Bg8 43. Rf6 Rg7 44. Rf8 Bb3 45. Ra8 Kb7 46. Rd8
Kc7 47. Rc8+ Kb7 48. c4 Bc2 49. Rd8 Ba4 50. Rd6 Kc7 51. Kd5 Bb3 52. Rc6+ Kb7
53. Bc8+ Kb8 54. Ba6 Rd7+ 55. Ke6 Rd8 56. Kf6 Ba4 57. Rd6 Re8 58. e6 Kc7 59.
Rd5 h6 60. e7 Bc6 61. Rd4 Bd7 62. Rxd7+ 1-0

[Event "Finkenstein Open"]
[Site "?"]
[Date "2000.08.17"]
[Round "7.19"]
[White "Gaab, Wolfgang"]
[Black "Scholvin, Bjoern"]
[Result "0-1"]
[WhiteElo "1849"]
[BlackElo "1929"]
[PlyCount "44"]
[EventDate "2000.??.??"]

1. d4 d5 2. Nf3 Nf6 3. e3 e6 4. Bd3 c5 5. c3 Nbd7 6. Nbd2 Bd6 7. Qe2 e5 8. dxe5
Nxe5 9. Nxe5 Bxe5 10. e4 O-O 11. O-O Re8 12. f4 dxe4 13. Nxe4 Bxc3 14. bxc3
Nxe4 15. Bxe4 Bf5 16. Qc4 Bxe4 17. Qxc5 Bc6 18. f5 Re2 19. h3 Rxg2+ 20. Kh1
Rxa2+ 21. Kg1 Rxa1 22. f6 Qb6 0-1

[Event "Finkenstein Open"]
[Site "?"]
[Date "2000.08.17"]
[Round "7.20"]
[White "Schmid, Johann"]
[Black "Hodac, Herbert"]
[Result "0-1"]
[WhiteElo "1840"]
[BlackElo "1927"]
[PlyCount "62"]
[EventDate "2000.??.??"]

1. d4 Nf6 2. c4 c5 3. d5 e6 4. Nc3 exd5 5. cxd5 d6 6. e4 g6 7. f4 Bg7 8. Bb5+
Nfd7 9. Nf3 a6 10. Bd3 b5 11. O-O O-O 12. Kh1 Re8 13. Qc2 c4 14. Be2 Qe7 15.
Nd2 Nc5 16. Bf3 Ra7 17. Ne2 f5 18. Ng3 Nd3 19. a4 Rc7 20. axb5 axb5 21. Ra3 b4
22. Rxd3 cxd3 23. Qb3 Na6 24. Qxd3 Nc5 25. Qb1 Ba6 26. Be2 Bxe2 27. Nxe2 Nxe4
28. Nxe4 Qxe4 29. Qxe4 Rxe4 30. Ng3 Rec4 31. Ne2 Rc2 0-1

[Event "Finkenstein Open"]
[Site "?"]
[Date "2000.08.17"]
[Round "7.32"]
[White "Fahrner, Rainer"]
[Black "Gallob, Alois"]
[Result "1/2-1/2"]
[WhiteElo "1633"]
[BlackElo "1846"]
[PlyCount "45"]
[EventDate "2000.??.??"]

1. c4 Nf6 2. Nc3 g6 3. g3 Bg7 4. Bg2 O-O 5. d4 d6 6. e4 Nc6 7. Nge2 e5 8. d5
Ne7 9. O-O Ne8 10. f4 f5 11. fxe5 dxe5 12. exf5 gxf5 13. Be3 Ng6 14. Qd2 Nd6
15. b3 Nf7 16. Kh1 a6 17. Rad1 Re8 18. c5 Rb8 19. d6 cxd6 20. cxd6 Bd7 21. Ba7
Ra8 22. Be3 Rb8 23. Ba7 1/2-1/2

[Event "Finkenstein Open"]
[Site "?"]
[Date "2000.08.18"]
[Round "8.1"]
[White "Fercec, Nenad"]
[Black "Fucak, Emilijo"]
[Result "1/2-1/2"]
[WhiteElo "2458"]
[BlackElo "2334"]
[Annotator "Standard"]
[PlyCount "27"]
[EventDate "2000.??.??"]

1. e4 e5 2. Nf3 Nc6 3. Bb5 a6 4. Ba4 Nf6 5. O-O Be7 6. Re1 b5 7. Bb3 d6 8. c3
O-O 9. h3 Nb8 10. d4 Nbd7 11. Nbd2 Re8 12. Ng5 (12. Bxf7+ $3 {(+-3.13)}) 12...
Rf8 13. Ngf3 Re8 14. Ng5 1/2-1/2

[Event "Finkenstein Open"]
[Site "?"]
[Date "2000.08.18"]
[Round "8.2"]
[White "Wagner, Stephan"]
[Black "Horvath, Peter"]
[Result "0-1"]
[WhiteElo "2044"]
[BlackElo "2434"]
[PlyCount "78"]
[EventDate "2000.??.??"]

1. c4 e6 2. Nc3 d5 3. cxd5 exd5 4. d4 Bb4 5. Nf3 Nf6 6. Bg5 Nbd7 7. e3 c5 8.
dxc5 Qa5 9. Bxf6 Nxf6 10. Qd4 O-O 11. Bd3 Bxc5 12. Qa4 Qb6 13. Qc2 Bg4 14. O-O
Bxf3 15. gxf3 Bd6 16. Rfd1 Rac8 17. Bf5 Rc6 18. f4 Bb4 19. Qb3 Bxc3 20. Qxb6
Rxb6 21. bxc3 Rc6 22. Rac1 g6 23. Bh3 Ne4 24. Rd3 f5 25. Bg2 Rfc8 26. Bxe4 dxe4
27. Rd7 R8c7 28. Rxc7 Rxc7 29. Kf1 Kf7 30. Ke2 Rc5 31. Kd2 Ra5 32. Rc2 Rd5+ 33.
Ke2 Ke6 34. Rb2 b6 35. Rb3 Kd6 36. c4 Ra5 37. a3 Kc5 38. Kd2 Kxc4 39. Rc3+ Kd5
0-1